000 00476nam a2200169Ia 4500
999 _c20907
_d20907
003 OSt
005 20200701121026.0
008 190216s9999||||xx |||||||||||||| ||und||
020 _a9781840462708
040 _coclc
082 _a901
_bWAL/E
100 _aWalia, Shelley
_93393
245 0 _aEdward Said And The Writing Of History /
_cShelley Walia
260 _bIcon Books,
_c2001.
_aUK:
300 _a79p
942 _cBK
_2ddc
_h901
_iWAL/E
_k901
_mWAL/E